From Formula one to MotoGP: All Major Race Championships line-up 2026 - Statistics

General Stats
  • This quiz has been taken 38 times
    19 since last reset
  • The average score is 164 of 356
Answer Stats
Hint Answer % Correct
Moto3 Leopard Racing Adrián Fernández Spain
100%
Formula 1 Atlassian Williams F1 Team Alexander Albon Thailand
100%
MotoGP BK8 Gresini Racing MotoGP Álex Márquez Spain
100%
Formula 1 Mercedes-AMG Petronas F1 Team Andrea Kimi Antonelli Italy
100%
Formula 1 Visa Cash App Racing Bulls F1 Team Arvid Lindblad UK
100%
Formula 1 Atlassian Williams F1 Team Carlos Sainz Spain
100%
Formula 1 Scuderia Ferrari HP Charles Leclerc Monaco
100%
Formula 3 Rodin Motorsport Christian Ho Singapore
100%
Moto2 CFMoto Inde Aspar Team David Alonso Colombia
100%
Formula 1 TGR Haas F1 Team Esteban Ocon France
100%
Formula 1 Aston Martin Aramco F1 Team Fernando Alonso Spain
100%
Formula 1 BWT Alpine F1 Team Franco Colapinto Argentina
100%
Formula 1 Audi Revolut F1 Team Gabriel Bortoleto Brazil
100%
Formula 1 Mercedes-AMG Petronas F1 Team George Russell UK
100%
Formula 1 Oracle Red Bull Racing Isack Hadjar France
100%
WorldSBK Honda HRC Jake Dixon UK
100%
Formula 3 ART Grand Prix Kanato Le Japan
100%
Formula 1 Aston Martin Aramco F1 Team Lance Stroll Canada
100%
Formula 1 McLaren Mastercard F1 Team Lando Norris UK
100%
Formula 1 Scuderia Ferrari HP Lewis Hamilton UK
100%
Formula 1 Visa Cash App Racing Bulls F1 Team Liam Lawson New Zealand
100%
MotoGP Ducati Lenovo Team Marc Márquez Spain
100%
Formula 1 Oracle Red Bull Racing Max Verstappen Netherlands
100%
Formula 1 Audi Revolut F1 Team Nico Hülkenberg Germany
100%
Formula 1 TGR Haas F1 Team Oliver Bearman UK
100%
Formula 1 McLaren Mastercard F1 Team Oscar Piastri Australia
100%
Formula 1 BWT Alpine F1 Team Pierre Gasly France
100%
MotoGP Trackhouse MotoGP Team Raúl Fernández Spain
100%
Indycar Chip Ganassi Racing Scott Dixon New Zealand
100%
Formula 1 Cadillac Formula 1 Team Sergio Pérez Mexico
100%
Formula 1 Cadillac Formula 1 Team Valtteri Bottas Finland
100%
MotoGP Trackhouse MotoGP Team Ai Ogura Japan
92%
WorldSBK Bimota by Kawasaki Racing Team Alex Lowes UK
92%
MotoGP Monster Energy Yamaha MotoGP Team Álex Rins Spain
92%
Moto3 Red Bull KTM Ajo Álvaro Carpe Spain
92%
MotoGP Red Bull KTM Factory Racing Brad Binder South Africa
92%
Moto2 CFMoto Inde Aspar Team Daniel Holgado Spain
92%
MotoGP Castrol Honda LCR Diogo Moreira Brazil
92%
MotoGP Red Bull KTM Tech3 Enea Bastianini Italy
92%
MotoGP Pertamina Enduro VR46 Racing Team Fabio Di Giannantonio Italy
92%
MotoGP Monster Energy Yamaha MotoGP Team Fabio Quartararo France
92%
MotoGP BK8 Gresini Racing MotoGP Fermín Aldeguer Spain
92%
MotoGP Ducati Lenovo Team Francesco Bagnaia Italy
92%
MotoGP Pertamina Enduro VR46 Racing Team Franco Morbidelli Italy
92%
MotoGP Prima Pramac Yamaha MotoGP Jack Miller Australia
92%
MotoGP Honda HRC Castrol Joan Mir Spain
92%
MotoGP Castrol Honda LCR Johann Zarco France
92%
MotoGP Aprilla Racing Jorge Martín Spain
92%
MotoGP Honda HRC Castrol Luca Marini Italy
92%
MotoGP Aprilla Racing Marco Bezzecchi Italy
92%
MotoGP Red Bull KTM Tech3 Maverick Viñales Spain
92%
Moto3 CFMoto Gaviota Aspar Team Máximo Quilles Spain
92%
MotoGP BK8 Gresini Racing MotoGP Michele Pirro Italy
92%
WorldSBK ROKiT BMW Motorrad WorldSBK Team Miguel Oliveira Portugal
92%
WorldSBK Aruba.it Racing - Ducati Nicolò Bulega Italy
92%
MotoGP Red Bull KTM Factory Racing Pedro Acosta Spain
92%
Formula E Cupra Kiro Pepe Martí Spain
92%
WEC Hypercar AF Corse Robert Kubica Poland
92%
WorldSBK Elf Marc VDS Racing Team Sam Lowes UK
92%
Indycar Chip Ganassi Racing Álex Palou Spain
83%
Moto2 Reds Fantic Racing Barry Baltus Belgium
83%
Moto2 Red Bull KTM Ajo Collin Veijer Netherlands
83%
Moto2 Italtrans Racing Team Daniel Muñoz Spain
83%
WorldSBK ROKiT BMW Motorrad WorldSBK Team Danilo Petrucci Italy
83%
Moto3 Liqui Moly Dynavolt Intact GP David Muñoz Spain
83%
WorldSBK Aruba.it Racing - Ducati Iker Lecuona Spain
83%
Indycar Rahal Letterman Lanigan Racing Mick Schumacher Germany
83%
Formula E Envision Racing Sébastien Buemi Switzerland
83%
WEC Hypercar Toyota Racing Sébastien Buemi Switzerland
83%
MotoGP Prima Pramac Yamaha MotoGP Toprak Razgatlıoğlu Turkey
83%
Formula 2 Rodin Motorsport Alex Dunne Ireland
75%
Moto2 Elf Marc VDS Racing Team Deniz Öncü Turkey
75%
Formula E Citroën Racing Jean-Éric Vergne France
75%
Moto2 OnlyFans American Racing Team Joe Roberts USA
75%
Formula 3 Trident Matteo De Palo Italy
75%
WorldSBK Honda HRC Somkiat Chantra Thailand
75%
Moto3 Honda Team Asia Veda Pratama Indonesia
75%
WorldSBK Barni Spark Racing Team Álvaro Bautista Spain
67%
WEC Hypercar Ferrari AF Corse Antonio Giovinazzi Italy
67%
Moto2 Sync Group SpeedRS Team Celestino Vietti Italy
67%
Moto3 Liqui Moly Dynavolt Intact GP David Almansa Spain
67%
Formula 2 AIX Racing Emerson Fittipaldi Jr. Brazil
67%
Moto2 Red Bull KTM Ajo José Antonio Rueda Spain
67%
Formula 2 Campos Racing Nikola Tsolov Bulgaria
67%
Formula E Nissan Formula E Team Norman Nato France
67%
WEC Hypercar Cadillac Hertz Team Jota Norman Nato France
67%
Formula E Mahindra Racing Nyck de Vries Netherlands
67%
WEC Hypercar Toyota Racing Nyck de Vries Netherlands
67%
Indycar Dale Coyne Racing Romain Grosjean France
67%
Formula 3 Campos Racing Ugo Ugochukwu USA
67%
WEC Hypercar Alpine Endurance Team Victor Martins France
67%
Moto2 Blu Cru Pramac Yamaha Moto2 Alberto Ferrández Spain
58%
Indycar ECR Alexander Rossi USA
58%
WEC Hypercar Ferrari AF Corse Antonio Fuoco Italy
58%
Moto2 Elf Marc VDS Racing Team Arón Canet Spain
58%
Super Formula Team Mugen Autobacs Ayumu Iwasa Japan
58%
WEC Hypercar Toyota Racing Brendon Hartley New Zealand
58%
Indycar Arrow Mclaren Christian Lundgaard Denmark
58%
Formula 2 Hitech Colton Herta USA
58%
Formula E Cupra Kiro Dan Ticktum UK
58%
Indycar Dale Coyne Racing Dennis Hauger Norway
58%
Formula 2 DAMS Lucas Oil Dino Beganovic Sweden
58%
Formula E Mahindra Racing Edoardo Mortara Switzerland
58%
Formula 3 Trident Freddie Slater UK
58%
Formula 2 MP Motorsport Gabriele Minì Italy
58%
Moto3 Leopard Racing Guido Pini Italy
58%
Moto2 QJMotor - Pont Grup - MSi Iván Ortolá Spain
58%
Moto2 Blu Cru Pramac Yamaha Moto2 Izan Guevara Spain
58%
Indycar Team Penske Josef Newgarden USA
58%
Formula 2 Invicta Racing Joshua Dürksen Paraguay
58%
Super Formula KDDI TGMGP TGR-DC Kamui Kobayashi Japan
58%
WEC Hypercar Toyota Racing Kamui Kobayashi Japan
58%
WEC Hypercar BMW M Team WRT Kevin Magnussen Denmark
58%
Formula 2 ART Grand Prix Kush Maini India
58%
Formula E Lola Yamaha ABT Formula E Team Lucas di Grassi Brazil
58%
Moto3 CFMoto Gaviota Aspar Team Marco Morelli Argentina
58%
Indycar Andretti Global Marcus Ericsson Sweden
58%
Formula 2 Prema Racing Mari Boya Spain
58%
Formula E Jaguar TCS Racing Mitch Evans New Zealand
58%
Formula E Nissan Formula E Team Oliver Rowland UK
58%
Formula E Porsche Formula E Team Pascal Wehrlein Germany
58%
Indycar Arrow Mclaren Pato O'Ward Mexico
58%
Formula 2 Invicta Racing Rafael Câmara Brazil
58%
Super Formula Ponos Nakajima Racing Ren Sato Japan
58%
Super Formula KDDI TGMGP TGR-DC Rikuto Kobayashi Japan
58%
Formula 2 Prema Racing Sebastián Montoya Colombia
58%
Moto2 Liqui Moly Dynavolt Intact GP Senna Agius Australia
58%
Moto2 Italjet Gresini Moto2 Sergio García Spain
58%
WEC Hypercar BMW M Team WRT Sheldon van der Linde South Africa
58%
Indycar Juncos Hollinger Racing Sting Ray Robb USA
58%
Formula 3 Campos Racing Théophile Naël France
58%
Moto2 Reds Fantic Racing Tony Arbolino Italy
58%
Indycar Andretti Global Will Power Australia
58%
WEC Hypercar AF Corse Yifei Ye China
58%
Formula E Lola Yamaha ABT Formula E Team Zane Maloney Barbados
58%
Moto2 QJMotor - Pont Grup - MSi Ángel Piqueras Spain
50%
Formula E Jaguar TCS Racing António Félix da Costa Portugal
50%
WEC Hypercar Alpine Endurance Team António Félix da Costa Portugal
50%
Formula 3 AIX Racing Brad Benavides USA
50%
NASCAR Cup Series 23XI Racing Bubba Wallace USA
50%
Indycar A. J. Foyt Enterprises Caio Collet Brazil
50%
Indycar PREMA Racing Callum Ilott UK
50%
Moto3 Sic58 Squadra Corse Casey O'Gorman Ireland
50%
Indycar ECR Christian Rasmussen Denmark
50%
Formula 2 AIX Racing Cian Shields UK
50%
NASCAR Cup Series Trackhouse Racing Connor Zilisch USA
50%
Indycar Dreyer & Reinbold Racing Conor Daly USA
50%
WEC Hypercar BMW M Team WRT Dries Vanthoor Belgium
50%
WEC Hypercar Cadillac Hertz Team Jota Earl Bamber New Zealand
50%
Indycar ECR Ed Carpenter USA
50%
Formula E Andretti Formula E Felipe Drugovich Brazil
50%
Indycar Meyer Shank Racing With Curb-Agajanian Felix Rosenqvist Sweden
50%
Formula 3 Hitech Fionn McLaughlin Ireland
50%
Formula 3 DAMS Lucas Oil Gerrard Xie China
50%
Indycar Rahal Letterman Lanigan Racing Graham Rahal USA
50%
Formula E Andretti Formula E Jake Dennis UK
50%
Formula 3 Prema Racing James Wharton Australia
50%
Formula E Envision Racing Joel Eriksson Sweden
50%
Formula 2 Trident John Bennett UK
50%
Formula 3 Prema Racing José Garfias Mexico
50%
Indycar Chip Ganassi Racing Kyffin Simpson Cayman Islands
50%
Indycar Andretti Global Kyle Kirkwood USA
50%
NASCAR Cup Series Hendrick Motorsports Kyle Larson USA
50%
Formula 2 Trident Laurens van Hoepen Netherlands
50%
Indycar Rahal Letterman Lanigan Racing Louis Foster UK
50%
Formula 3 Prema Racing Louis Sharp New Zealand
50%
Super Formula Realize Kondo Racing Luke Browning UK
50%
Indycar Meyer Shank Racing With Curb-Agajanian Marcus Armstrong New Zealand
50%
Formula 2 Rodin Motorsport Martinius Stenshorne Norway
50%
Formula E DS Penske Maximilian Günther Germany
50%
Formula E Citroën Racing Nick Cassidy New Zealand
50%
WEC Hypercar Peugeot TotalEnergies Nick Cassidy New Zealand
50%
Formula 2 Van Amersfoort Racing Nicolás Varrone Argentina
50%
Formula E Porsche Formula E Team Nico Müller Switzerland
50%
Formula 2 Campos Racing Noel León Mexico
50%
Indycar Arrow Mclaren Nolan Siegel USA
50%
Formula 2 MP Motorsport Oliver Goethe Germany
50%
WorldSBK GYTR GRT Yamaha WorldSBK Team Remy Gardner Australia
50%
Indycar Juncos Hollinger Racing Rinus VeeKay Netherlands
50%
Formula 2 Hitech Ritomo Miyata Japan
50%
Indycar PREMA Racing Robert Shwartzman Israel
50%
Formula 2 DAMS Lucas Oil Roman Bilinski Poland
50%
Indycar Arrow Mclaren Ryan Hunter-Reay USA
50%
Indycar A. J. Foyt Enterprises Santino Ferrucci USA
50%
Indycar Team Penske Scott McLaughlin New Zealand
50%
Moto3 CIP Green Power Scott Ogden UK
50%
NASCAR Cup Series Trackhouse Racing Shane van Gisbergen New Zealand
50%
Formula 3 ART Grand Prix Taito Kato France
50%
Formula 2 ART Grand Prix Tasanapol Inthraphuvasak Thailand
50%
Formula E DS Penske Taylor Barnard UK
50%
WEC Hypercar Peugeot TotalEnergies Théo Pourchaire France
50%
Formula 3 MP Motorsport Tuukka Taponen Finland
50%
NASCAR Cup Series Joe Gibbs Racing Ty Gibbs USA
50%
Moto2 Momoven Idrofoglia RW Racing Team Zonta van den Goorbergh Netherlands
50%
Formula 3 MP Motorsport Alessandro Giusti France
42%
Moto2 Italjet Gresini Moto2 Alonso López Spain
42%
WorldSBK PATA Maxus Yamaha Andrea Locatelli Italy
42%
WEC Hypercar Genesis Magma Racing André Lotterer Germany
42%
Moto2 Momoven Idrofoglia RW Racing Team Ayumu Sasaki Japan
42%
Moto3 Red Bull KTM Ajo Brian Uriarte Spain
42%
Formula 3 Van Amersfoort Racing Bruno del Pino Spain
42%
Super Formula Team Goh Charlie Wurz Austria
42%
WEC Hypercar Genesis Magma Racing Daniel Juncadella Spain
42%
NASCAR Cup Series Spire Motorsports Daniel Suárez Mexico
42%
Indycar Team Penske David Malukas USA
42%
NASCAR Cup Series Joe Gibbs Racing Denny Hamlin USA
42%
Formula 3 AIX Racing Fernando Barrichello Brazil
42%
Moto2 OnlyFans American Racing Team Filip Salač Czechia
42%
WorldSBK Kawasaki WorldSBK Team Garrett Gerloff USA
42%
Indycar Meyer Shank Racing With Curb-Agajanian Hélio Castroneves Brazil
42%
WEC Hypercar Cadillac Hertz Team Jota Jack Aitken UK
42%
NASCAR Cup Series Richard Childress Racing Jesse Love USA
42%
Moto3 LevelUp - MTA Joel Esteban Spain
42%
Moto3 Gryd - MLav Racing Joel Kelso Australia
42%
NASCAR Cup Series Team Penske Joey Logano USA
42%
Super Formula KCMG Kalle Rovanperä Finland
42%
Formula 2 Van Amersfoort Racing Rafael Villagómez Mexico
42%
Super Formula Buzz MK Racing Roman Staněk Czechia
42%
NASCAR Cup Series Trackhouse Racing Ross Chastain USA
42%
WEC Hypercar Toyota Racing Ryō Hirakawa Japan
42%
Super Formula Vantelin Team TOM'S Sacha Fenestraz France
42%
Moto3 Red Bull KTM Tech 3 Valentín Perrone Argentina
42%
Formula 3 AIX Racing Yevan David Sri Lanka
42%
Super Formula Wecars Impul with SDG Zak O'Sullivan UK
42%
NASCAR Cup Series Richard Childress Racing Austin Dillon USA
33%
Formula 3 Rodin Motorsport Brando Badoer Italy
33%
NASCAR Cup Series 23XI Racing Corey Heim USA
33%
NASCAR Cup Series RFK Racing Corey LaJoie USA
33%
Moto3 Code Motorsports Cormac Buchanan New Zealand
33%
Indycar Dreyer & Reinbold Racing Jack Harvey UK
33%
Super Formula Hazama Ando Triple Tree Racing Juju Noda Japan
33%
Moto2 Liqui Moly Dynavolt Intact GP Manuel González Spain
33%
Moto2 Idemitsu Honda Team Asia Mario Aji Indonesia
33%
Moto3 LevelUp - MTA Metteo Bertelle Italy
33%
Formula 3 DAMS Lucas Oil Nicola Lacorte Italy
33%
Formula 3 Trident Noah Strømsted Denmark
33%
NASCAR Cup Series Hyak Motorsports Ricky Stenhouse Jr. USA
33%
WEC Hypercar BMW M Team WRT Robin Frijns Netherlands
33%
NASCAR Cup Series Kaulig Racing Ty Dillon USA
33%
NASCAR Cup Series 23XI Racing Tyler Reddick USA
33%
WorldSBK Motocorsa Racing Alberto Surra Italy
25%
Moto2 Klint Racing Team Álex Escrig Spain
25%
WorldSBK Bimota by Kawasaki Racing Team Axel Bassani Italy
25%
WorldSBK Yamaha Motoxracing WorldSBK Team Bahattin Sofuoğlu Turkey
25%
NASCAR Cup Series Rick Ware Racing Cody Ware USA
25%
Formula 3 Van Amersfoort Racing Enzo Deligny France
25%
Formula 3 Hitech Jin Nakamura Japan
25%
Moto2 Klint Racing Team Jorge Navarro Spain
25%
NASCAR Cup Series Hendrick Motorsports Justin Allgaier USA
25%
NASCAR Cup Series JR Motorsports Justin Allgaier USA
25%
NASCAR Cup Series Richard Childress Racing Kyle Busch USA
25%
WorldSBK Team PATA GoEleven Lorenzo Baldassarri Italy
25%
Moto2 Sync GRoup SpeedRS Team Luca Lunetta Italy
25%
Formula 3 Hitech Michael Shin South Korea
25%
WEC Hypercar Ferrari AF Corse Miguel Molina Spain
25%
WEC Hypercar Peugeot TotalEnergies Stoffel Vandoorne Belgium
25%
NASCAR Cup Series Team Penske Austin Cindric USA
17%
NASCAR Cup Series Spire Motorsports Carson Hocevar USA
17%
NASCAR Cup Series Joe Gibbs Racing Chase Briscoe USA
17%
Moto3 Gryd - MLav Racing Eddie O'Shea UK
17%
Formula 3 Campos Racing Ernesto Rivera Mexico
17%
Moto3 Aeon Credit - MT Helmets -MSi Hakim Danish Malaysia
17%
Formula 3 Van Amersfoort Racing Hiyu Yamakoshi Japan
17%
WEC Hypercar Alpine Endurance Team Jules Gounon France
17%
Formula 3 MP Motorsport Mattia Colnaghi Italy
17%
WorldSBK Yamaha Motoxracing WorldSBK Team Mattia Rato Italy
17%
Formula 3 DAMS Lucas Oil Nandhavud Bhirombhakdi Thailand
17%
Moto3 Rivacold Snipers Team Nicola Carraro Italy
17%
Formula 3 Rodin Motorsport Pedro Clerot Brazil
17%
WEC Hypercar BMW M Team WRT Raffaele Marciello Switzerland/Italy
17%
WEC Hypercar BMW M Team WRT René Rast Germany
17%
Moto3 Code Motorsports Ruché Moodley South Africa
17%
NASCAR Cup Series Team Penske Ryan Blaney USA
17%
Moto3 Aeon Credit - MT Helmets -MSi Ryusei Yamanaka Japan
17%
WEC Hypercar Cadillac Hertz Team Jota Sébastien Bourdais France
17%
WorldSBK GYTR GRT Yamaha WorldSBK Team Stefano Manzi Italy
17%
Moto2 Idemitsu Honda Team Asia Taiyo Furusato Japan
17%
WorldSBK Honda HRC Tetsuta Nagashima Japan
17%
WorldSBK Barni Spark Racing Team Yari Montella Italy
17%
Moto3 Honda Team Asia Zen Mitani Japan
17%
Moto3 CIP Green Power Adrián Cruces Spain
8%
Moto2 Italtrans Racing Team Adrián Huertas Spain
8%
NASCAR Cup Series Kaulig Racing A. J. Allmendinger USA
8%
WEC Hypercar Ferrari AF Corse Alessandro Pier Guidi Italy
8%
WEC Hypercar Cadillac Hertz Team Jota Alex Lynn UK
8%
NASCAR Cup Series Hendrick Motorsports Anthony Alfredo USA
8%
NASCAR Cup Series Beard Motorsports Anthony Alfredo USA
8%
NASCAR Cup Series RFK Racing Brad Keselowski USA
8%
NASCAR Cup Series Hendrick Motorsports Chase Elliott USA
8%
NASCAR Cup Series Joe Gibbs Racing Christopher Bell USA
8%
NASCAR Cup Series Haas Factory Team Cole Custer USA
8%
Super Formula Ponos Nakajima Racing Igor Omura Fraga Brazil
8%
WEC Hypercar Ferrari AF Corse James Calado UK
8%
Moto3 Rivacold Snipers Team Jesús Ríos Spain
8%
NASCAR Cup Series Legacy Motor Club Jimmie Johnson USA
8%
Moto3 Sic58 Squadra Corse Leo Rammerstorfer Austria
8%
Formula 3 ART Grand Prix Maciej Gładysz Poland
8%
WEC Hypercar Aston Martin THOR Team Marco Sørensen Denmark
8%
WEC Hypercar Toyota Racing Mike Conway UK
8%
WEC Hypercar Ferrari AF Corse Nicklas Nielsen Denmark
8%
Super Formula NTT Docomo Business Rookie Nirei Fukuzumi Japan
8%
Super Formula Delightworks Racing Nobuharu Matsushita Japan
8%
Formula 3 Campos Racing Patrick Heuzenroeder Australia
8%
WEC Hypercar AF Corse Phil Hanson UK
8%
Moto3 Red Bull KTM Tech 3 Rico Salmela Finland
8%
WEC Hypercar Aston Martin THOR Team Ross Gunn UK
8%
WorldSBK Honda HRC Ryan Vickers UK
8%
Super Formula Docomo Team Dandelion Racing Tadasuke Makino Japan
8%
WorldSBK MGM Racing Performance Tarran Mackenzie UK
8%
WorldSBK Superbike Advocates Racing Tommy Bridewell UK
8%
Super Formula Team Mugen Autobacs Tomoki Nojiri Japan
8%
WEC Hypercar Cadillac Hertz Team Jota Will Stevens UK
8%
WorldSBK PATA Maxus Yamaha Xavi Vierge Spain
8%
NASCAR Cup Series Hendrick Motorsports Alex Bowman USA
0%
WEC Hypercar Aston Martin THOR Team Alex Riberas Spain
0%
NASCAR Cup Series Richard Childress Racing Austin Hill USA
0%
NASCAR Cup Series Live Fast Motorsports B.J. McLeod USA
0%
NASCAR Cup Series Garage 66 Casey Mears USA
0%
NASCAR Cup Series Garage 66 Chad Finchum USA
0%
NASCAR Cup Series Front Row Motorsports Chandler Smith USA
0%
WEC Hypercar Alpine Endurance Team Charles Milesi France
0%
NASCAR Cup Series RFK Racing Chris Buescher USA
0%
NASCAR Cup Series Legacy Motor Club Erik Jones USA
0%
WEC Hypercar Alpine Endurance Team Ferdinand Habsburg Austria
0%
WEC Hypercar Alpine Endurance Team Frédéric Makowiecki France
0%
WEC Hypercar Aston Martin THOR Team Harry Tincknell UK
0%
NASCAR Cup Series NY Racing Team J.J. Yeley USA
0%
NASCAR Cup Series Legacy Motor Club John Hunter Nemechek USA
0%
NASCAR Cup Series Wood Brothers Racing Josh Berry USA
0%
NASCAR Cup Series Garage 66 Josh Bilicki USA
0%
Super Formula Docomo Team Dandelion Racing Kakuoshin Ohta Japan
0%
Super Formula KCMG Kenta Yamashita Japan
0%
WEC Hypercar Peugeot TotalEnergies Loïc Duval France
0%
WEC Hypercar Peugeot TotalEnergies Malthe Jakobsen Denmark
0%
WEC Hypercar Genesis Magma Racing Mathieu Jaminet France
0%
WEC Hypercar Genesis Magma Racing Mathys Jaubert France
0%
NASCAR Cup Series Spire Motorsports Michael McDowell USA
0%
NASCAR Cup Series Front Row Motorsports Noah Gragson USA
0%
WEC Hypercar Peugeot TotalEnergies Paul di Resta UK
0%
WEC Hypercar Genesis Magma Racing Paul-Loup Chatin France
0%
WEC Hypercar Genesis Magma Racing Pipo Derani Brazil
0%
NASCAR Cup Series 23XI Racing Riley Herbst USA
0%
WEC Hypercar Aston Martin THOR Team Roman de Angelis Canada
0%
NASCAR Cup Series RFK Racing Ryan Preece USA
0%
Super Formula Sanki Vertex Partners Cerumo Inging Sena Sakaguchi Japan
0%
Super Formula Vantelin Team TOM'S Sho Tsuboi Japan
0%
Super Formula ThreeBond Racing Syun Koide Japan
0%
NASCAR Cup Series Garage 66 TBA TBA
0%
NASCAR Cup Series Garage 66 Timmy Hill USA
0%
NASCAR Cup Series Front Row Motorsports Todd Gilliland USA
0%
WEC Hypercar Aston Martin THOR Team Tom Gamble UK
0%
Super Formula Sanki Vertex Partners Cerumo Inging Toshiki Oyu Japan
0%
Super Formula Realize Kondo Racing Ukyo Sasahara Japan
0%
NASCAR Cup Series Hendrick Motorsports William Byron USA
0%
Super Formula San-Ei Gen with B-Max Yuto Nomura Japan
0%
NASCAR Cup Series Front Row Motorsports Zane Smith USA
0%
No matching quizzes found
Score Distribution
Percent of People with Each Score
Percentile by Number Answered
Your Score History
You have not taken this quiz since the last reset